Kreutzer szonáta kisregények Családi boldogság

Bibliographic Details
Main Author: Tolstoj, Lev Nikolajevič, 1828-1910 (Author)
Other Authors: Németh, László, 1901-1975 (Translator), Szőllősy, Klára, 1913-1970 (Translator), Fehér, Pál E., 1936- (Author of introduction, etc.)
Format: Book
Language:Hungarian
Russian
PhysicalDescription:238, [2] s. 15 cm
Published: Bratislava Szlovákiai Szépirodalmi Könyvkiadó 1964
Series:Olcsó könyvtár
Subjects:

MARC

LEADER 00000cam a2200000 a 4500
001 vtls008317865
003 SK-MaSNL
005 20260301074933.0
008 230403s1964 xo g 000 f hun
015 |a SNBA1965/03-00777 
035 |a SK01SNK19650010082 
035 |a urn:nbn:sk:snk-am3hvlv 
035 |a 679CA53A-3E66-46D6-A484-2E87412C4530 
035 |a urn:nbn:sk:snk-am00dakp 
035 |a SKM000012545 
040 |a SNK  |b slo  |c SNK  |e AACR2 
041 1 |a hun  |h rus 
044 |a xo  |c SK 
080 |a 882-3=945.11  |2 1981 
100 1 |a Tolstoj, Lev Nikolajevič,  |d 1828-1910  |4 aut  |9 14566 
240 1 0 |a Krejcerova sonata  |l Maďarsky 
245 1 0 |a Kreutzer szonáta  |p Családi boldogság  |b kisregények  |c Lev Nikolajevič Tolstoj ; a művek ered. címe Krejcerova sonata ..., Semejnoje sčasťje ... ford. Németh László és Szűllűsy Klára ; az utószó E. Fehér Pál munkája 
246 3 0 |a Családi boldogság 
260 |a Bratislava  |b Szlovákiai Szépirodalmi Könyvkiadó  |c 1964 
300 |a 238, [2] s.  |c 15 cm 
366 |e 800 výt. 
490 1 |a Olcsó könyvtár  |v 48 szám 
650 0 7 |a ruská literatúra  |2 SNKPH  |9 1204 
655 7 |a ruské romány  |2 SNKPH  |9 70514 
700 1 |a Németh, László,  |d 1901-1975  |4 trl  |9 108376 
700 1 |a Szőllősy, Klára,  |d 1913-1970  |4 trl  |9 183518 
700 1 |a Fehér, Pál E.,  |d 1936-  |4 aui  |9 109271 
830 0 |a Olcsó könyvtár  |9 307605 
852 |a Slovenská národná knižnica 
954 |a beletria cudzojazyčná (svetová)  |2 lita 
958 |a EUIPO 
958 |a OND 
958 |a RK 
958 |a TL 
958 |a LX 
958 |a RU 
958 |a UP 
958 |a HU 
999 |c 648667  |d 650597 
952 |a SNK  |b SNK  |y VYP  |7 0  |p 17A1190507  |o snkSE 3780 D1  |i snkKSP 637/65  |0 0  |1 0  |4 0  |d 2018-10-05  |l 0  |r 2026-02-23 18:14:53  |w 2026-02-23 
952 |a SNK  |b SNK  |y PREZ  |7 0  |p 17A0744412  |o snkSE 3780  |i snkKSP 636  |0 0  |1 0  |4 0  |d 2018-04-26  |f 1  |l 0  |r 2026-02-23 18:14:53  |w 2026-02-23